2007 mali yılı kesin hesabı (Record no. 7082)

MARC details
000 -BAŞLIK
Sabit Uzunlukta Kontrol Alanı 00676na a2200217 4500
001 - KONTROL NUMARASI
Denetim Alanı 21610
003 - KONTROL NUMARASI IDENTIFIER
Denetim Alanı MIRAKIL
005 - SON İŞLEM TARİHİ VE ZAMANI
Denetim Alanı 20181213155127.0
008 - SABİT-BOY VERİ ELEMANLARI - GENEL BİLGİLER
Sabit Uzunlukta Kontrol Alanı 170207b tu 000 0
040 ## - KATALOGLAMA KAYNAK
Orijinal Kataloglama Ajansı Milas
Kataloglama Dili tur
Metne Dönüştürmek Ajansı TR-AnCHP
041 ## - DİL KODU
Metin / Ses Parça Veya Ayrı Başlığın Dil Kodu tur
082 ## - DEWEY ONLU SINIFLANDIRMA NUMARASI
Sınıflandırma Numarası 351.7225
Ürün Numarası K94i 2007
090 ## - SINIFLAMA NUMARASI
Sınıflama Numarası 351.7225 K94i 2007
110 ## - ANA GİRİŞ - KURUMSAL ADI
Giriş Elemanı Olarak Kurumsal Ad Veya Yargı Alanı Adı Kültür ve Turizm Bakanlığı
245 ## - BAŞLIK TABLOSU
Başlık 2007 mali yılı kesin hesabı
Sorumluluk Tablosu, Vb Kültür ve Turizm Bakanlığı
260 ## - YAYIN, DAĞITIM, VB
Yayın, Dağıtım, Vb Yeri Ankara
Yayıncı, Dağıtıcı, Vs Adı Kültür ve Turizm Bakanlığı
Yayın, Dağıtım, Vb Tarihi 2007
300 ## - FİZİKSEL TANIM
Kapsam 107 s.
Diğer Fiziksel Ayrıntıları tbl.
Boyutlar 20 sm.
610 ## - KONU KATMA GİRİŞ - TOPLANTI ADI
Giriş Elemanı Olarak Kurumsal Ad Veya Yargı Alanı Adı Kültür ve Turizm Bakanlığı
Genel Alt Bölüm Kesin bütçe
Kronolojik Alt Bölüm 2007
710 ## - KATMA GİRİŞ - KURUMSAL ADI
Giriş Elemanı Olarak Kurumsal Ad Veya Yargı Alanı Adı T.C. Kültür ve Turizm Bakanlığı
942 ## - EKLENDİ GİRİŞ ELEMANLARI (KOHA)
Sınıflandırma Veya Raf Düzeni Kaynak Dewey Decimal Classification
Koha Öğesi Türü Books
999 ## - SİSTEM KONTROL NUMARALARI (KOHA)
Koha Biblionumber 7082
Koha Biblioitemnumber 7082
Holdings
Kalıcı Konum Mevcut Konum Edinme Tarihi Edinim Kaynak Toplam Check-Out'Lar Tam Çağrı Numarası Barkod Tarih Son Görülme İtibaren Geçerli Fiyatlar Koha Öğesi Türü
CHP Kütüphanesi CHP Kütüphanesi 02/06/2017 Bağış   351.7225 K94i 2007 012255 02/06/2017 02/06/2017 Books